[Event "Bogota LAB op 03"]
[Site "Bogota"]
[Date "2013.03.24"]
[Round "5"]
[White "Ramirez, Jaime Orlando"]
[Black "Manrique, Fernando"]
[Result "1-0"]
[WhiteElo "2009"]
[BlackElo "1973"]
[PlyCount "111"]
[EventDate "2013.03.22"]
[EventType "swiss"]
[EventRounds "7"]
[EventCountry "COL"]
[SourceTitle "CBM 153 Extra"]
[Source "ChessBase"]
[SourceDate "2013.04.22"]
[SourceVersion "1"]
[SourceVersionDate "2013.04.22"]
[SourceQuality "1"]

1. d4 d5 2. Nf3 Nf6 3. e3 c5 4. c3 Nc6 5. Nbd2 cxd4 6. exd4 Bf5 7. Qa4 e6 8. Bb5 Qb6 9. 0-0 a6 10. Be2 Bd6 11. Re1 0-0 12. Nh4 Be4 13. Qd1 Rac8 14. Nxe4 Nxe4 15. Bd3 Nf6 16. Qf3 e5 17. Nf5 e4 18. Qh3 Qd8 19. Bf1 g6 20. Nh6+ Kg7 21. Bg5 Be7 22. Re3 Ng8 23. Bxe7 Ncxe7 24. Nxg8 Kxg8 25. Ree1 Kg7 26. Qg3 Qc7 27. Qxc7 Rxc7 28. f3 exf3 29. gxf3 Rd8 30. Kf2 Rd6 31. Re5 a5 32. Rae1 Kf6 33. Bd3 Rb6 34. R1e2 Rd7 35. Ke1 Nc6 36. Re8 Re7 37. R8xe7 Nxe7 38. b3 Re6 39. Rxe6+ Kxe6 40. Kf2 h6 41. h4 g5 42. hxg5 hxg5 43. Ke3 f5 44. c4 b6 45. a3 Kd6 46. Bc2 Ke6 47. Bd3 f4+ 48. Kd2 Kd6 49. Bh7 a4 50. bxa4 dxc4 51. Kc3 g4 52. fxg4 Kd5 53. Bc2 Nc6 54. g5 Nxd4 55. g6 Ne6 56. Bd1 1-0

[Event "Puerto Boyaca op"]
[Site "Puerto Boyaca"]
[Date "2012.04.28"]
[Round "5"]
[White "Arismendi Polanco, Efrain Steven"]
[Black "Ramirez, Jaime Orlando"]
[Result "0-1"]
[WhiteElo "1668"]
[BlackElo "2002"]
[PlyCount "80"]
[EventDate "2012.04.26"]
[EventType "swiss"]
[EventRounds "10"]
[EventCountry "COL"]
[SourceTitle "CBM 148 Extra"]
[Source "ChessBase"]
[SourceDate "2012.06.22"]
[SourceVersion "1"]
[SourceVersionDate "2012.06.22"]
[SourceQuality "1"]

1. e4 c5 2. Nf3 d6 3. d4 cxd4 4. Nxd4 Nf6 5. Nc3 a6 6. f3 e5 7. Nb3 Be6 8. Be3 Be7 9. Qd2 0-0 10. 0-0-0 a5 11. Kb1 a4 12. Nc1 a3 13. b3 Na6 14. g4 Rc8 15. g5 Nh5 16. Be2 Nb4 17. Nd3 Nxd3 18. Bxd3 Nf4 19. h4 f6 20. gxf6 Bxf6 21. Nd5 Bxd5 22. exd5 Nxd3 23. Qxd3 Qa5 24. Bc1 Rc3 25. Qe4 Rfc8 26. Rd2 Bd8 27. Rg2 Bb6 28. Qg4 R3c7 29. Qe6+ Kh8 30. Qxd6 Bd4 31. Bxa3 Qc3 32. Kc1 Qa1+ 33. Kd2 Rxc2+ 34. Kd3 Qc3+ 35. Ke4 Rxg2 36. Rc1 Qe3+ 37. Kf5 Qxf3+ 38. Ke6 Rg6+ 39. Ke7 Qf8+ 40. Kd7 Qe8# 0-1

[Event "Puerto Boyaca op"]
[Site "Puerto Boyaca"]
[Date "2012.04.28"]
[Round "4"]
[White "Ramirez, Jaime Orlando"]
[Black "Rios Parra, Alejandro"]
[Result "0-1"]
[WhiteElo "2002"]
[BlackElo "2367"]
[PlyCount "56"]
[EventDate "2012.04.26"]
[EventType "swiss"]
[EventRounds "10"]
[EventCountry "COL"]
[SourceTitle "CBM 148 Extra"]
[Source "ChessBase"]
[SourceDate "2012.06.22"]
[SourceVersion "1"]
[SourceVersionDate "2012.06.22"]
[SourceQuality "1"]

1. e4 d5 2. Nc3 dxe4 3. Nxe4 Bf5 4. Ng3 Bg6 5. Nf3 Nd7 6. d4 e6 7. Bd3 Ngf6 8. 0-0 c5 9. c3 cxd4 10. Nxd4 a6 11. Qe2 Qc7 12. Bxg6 hxg6 13. Bg5 Bd6 14. Rfd1 0-0-0 15. c4 Bxg3 16. fxg3 Rh5 17. Be3 Rdh8 18. Nf3 Ng4 19. h3 Nxe3 20. Qxe3 Qxg3 21. Qa7 Rxh3 22. Kf1 Rh1+ 23. Ke2 Qxg2+ 24. Ke3 R1h3 25. Qa8+ Nb8 26. Rf1 Qxb2 27. Rab1 Qc3+ 28. Ke2 Rh2+ 0-1

[Event "Puerto Boyaca op"]
[Site "Puerto Boyaca"]
[Date "2012.04.27"]
[Round "3"]
[White "Contreras, Henry"]
[Black "Ramirez, Jaime Orlando"]
[Result "1-0"]
[WhiteElo "2252"]
[BlackElo "2002"]
[PlyCount "77"]
[EventDate "2012.04.26"]
[EventType "swiss"]
[EventRounds "10"]
[EventCountry "COL"]
[SourceTitle "CBM 148 Extra"]
[Source "ChessBase"]
[SourceDate "2012.06.22"]
[SourceVersion "1"]
[SourceVersionDate "2012.06.22"]
[SourceQuality "1"]

1. e4 e5 2. Nf3 Nc6 3. d4 exd4 4. Nxd4 Nf6 5. Nxc6 bxc6 6. e5 Qe7 7. Qe2 Nd5 8. c4 Nb6 9. Nc3 Qe6 10. Qe4 Ba6 11. b3 Bb4 12. Bd2 Bxc3 13. Bxc3 d5 14. Qh4 dxc4 15. Be2 Qe7 16. Qg3 0-0 17. 0-0 Rad8 18. Rfe1 Nd5 19. bxc4 Nxc3 20. Qxc3 Qc5 21. Bf1 Rfe8 22. Re3 Bc8 23. Rae1 Rd4 24. g3 g6 25. Qa3 Qxa3 26. Rxa3 a6 27. Ra5 Red8 28. Kg2 Rd2 29. Re2 Rd1 30. Rb2 Rc1 31. Be2 Be6 32. f3 Re1 33. h4 Rd4 34. Rc5 Bd7 35. Kf2 Rh1 36. Ke3 Rhd1 37. Bxd1 Rxd1 38. Rd2 Re1+ 39. Kf2 1-0